| 000 | 02176nam a22002657a 4500 | ||
|---|---|---|---|
| 999 |
_c63720 _d63720 |
||
| 003 | Ge_BSU | ||
| 005 | 20251215190650.0 | ||
| 008 | 251215s2023 ge ||||| |||| 00| 0 geo d | ||
| 020 | _a9789941986741 | ||
| 041 | _ageo | ||
| 080 | _a341.222(479.22) : 94(479.222.5) : 392(=353.1) გ-99 | ||
| 100 |
_aგუჯეჯიანი, როზეტა _95617 |
||
| 245 |
_aსაქართველოს საზღვრისპირა რეგიონების სოციო-კულტურული მახასიათებელები და სასაზღვრო ურთიერთობები : _bჯავახეთი = Social-cultural characteristics and transborder relations of Georgian borderlands : Javakjeti / _cროზეტა გუჯეჯიანი, ქეთევან ხუციშვილი, მირიან ხოსიტაშვილი; რედაქტორი ჯაბა სამუშია; საქართველოს პარლამენტის ეროვნული ბიბლიოთეკა. |
||
| 264 |
_aთბილისი : _b საქართველოს პარლამენტის ეროვნული ბიბლიოთეკა, _c2023. |
||
| 300 |
_a222 გვ. : _bილ. ; _c21 სმ. |
||
| 500 | _aტექსტი ქართულ და ინგლისურ ენებზე. | ||
| 504 | _aბიბლიოგრაფია: გვ. 116-128, 213-222. | ||
| 700 |
_aხუციშვილი, ქეთევან _eავტორი _95752 |
||
| 700 |
_aხოსიტაშვილი, მირიან _eავტორი _926510 |
||
| 700 |
_aსამუშია, ჯაბა _eრედაქტორი _926511 |
||
| 700 |
_aგელაშვილი, გიგი _e დიზაინერი _926512 |
||
| 710 |
_aსაქართველოს პარლამენტის ეროვნული ბიბლიოთეკა. _926513 |
||
| 856 |
_uhttps://dspace.nplg.gov.ge/bitstream/1234/487084/1/Javaxeti.pdf _yელ. ვერსია |
||
| 942 |
_2udc _cᲬᲘᲒᲜᲘ |
||